000 00573nam a2200241 a 4500
001 nice12345678
003 IN_TiNIC
005 20260116011352.0
008 050524s1924 azaa grp 000 0 urd
020 _a
_c100
082 0 0 _a190
_bNAD
100 _aNadwi, Abdul Bari
245 _aBerkeley
260 _aAzam Garh (U.P)
_bMaarif Press
_c1924
300 _a126p
500 _aincludes index and biblioraphy
505 2 _aAppendix
650 _aPhilosophy-Western-Berkeley
700 1 _aNadwi, Abdul Bari
902 _bSRS
942 _cBK
999 _c913
_d913